Score 0/50 Timer 20:00
0 Plays Today
# Song % Correct
22.Fantastic Baby
86%
35.Mama
85.7%
16.Mr. Simple
85%
44.Sorry Sorry
84%
24.Ring ding dong
83.4%
18.Electric shock
82.3%
50.Wolf
81.8%
12.Keep your head down
81.2%
17.Crayon
81%
43.Lucifer
81%
13.Sherlock
80.5%
42.The Boys
80.2%
47.Sexy free and single
79.7%
1.Do you love me
79.5%
10.Warrior
78.2%
26.Very good
78%
3.One of a kind
77.6%
49.Trouble Maker
77.2%
33.Why so serious
76.5%
25.Mirotic
76.1%
14.Abracadabra
73.8%
32.Smoky girl
73.1%
6.Lovey Dovey
72.7%
29.Like this
70.7%
5.Rocking
70%
# Song % Correct
34.Face
68.7%
7.BTD
66.5%
36.Wow
63.6%
11.Coup d'etat
63.5%
15.The Chaser
63%
2.Shock
60.3%
39.Be mine
60%
19.Breathe
59.8%
46.Baby I'm sorry
59.7%
40.Nalina
58.6%
4.Spy
57.9%
37.Hyde
57.9%
48.Stay
56.1%
31.Maxstep
53.2%
45.Neverland
52.9%
21.I Yah
52.2%
23.Eat you up
46.7%
27.Halo
46%
41.Sleep Talking
44.5%
9.Tarantallegra
38.8%
28.Be ma girl
36.7%
38.Mine
34.7%
30.Hey you
32.9%
20.Get out
31.6%
8.Beautiful Hangover
29.9%

You're not logged in!

Compare scores with friends on all Sporcle quizzes.
OR
Log In

Sporcle TV

Today on Sporcle TV


Watch our educational content, quiz creation guides, and fun videos on Sporcle TV.

Show Comments

Extras

Created Oct 18, 2013SourceReportNominate
Tags:Kpop Quiz

Top Quizzes Today


Score Distribution

Paid Content

Your Account Isn't Verified!

In order to create a playlist on Sporcle, you need to verify the email address you used during registration. Go to your Sporcle Settings to finish the process.

Report this User

Report this user for behavior that violates our Community Guidelines.

Details: